MARC

LEADER 00000nam0a2200000 4500
001 84275
005 20231031100527.0
020 |a RU  |b 86-55743 
035 |a (RuTPU)RU\TPU\book\90596 
090 |a 84275 
100 |a 20051027d1986 km a0rusy5003 ca 
101 0 |a rus 
102 |a RU 
105 |a a z 001zy 
200 1 |a Взаимодействие ионов и плазмы с поверхностью твердого тела  |e сборник научных трудов  |f Московский инженерно-физический институт, под ред. В. Г. Тельковского 
210 |a Москва  |c Энергоатомиздат  |d 1986 
215 |a 111 с.  |c ил.  |d 21 см 
320 |a Библиогр. в конце ст. 
610 1 |a ионы 
610 1 |a плазма 
610 1 |a твердые тела 
610 1 |a поверхности 
610 1 |a взаимодействие 
610 1 |a разрушение 
610 1 |a перезарядка 
675 |a 533.9  |z rus 
702 1 |a Тельковский  |b Всеволод Григорьевич  |4 340 
712 0 2 |a Московский инженерно-физический институт (Государственный университет) (МИФИ)  |2 stltpush  |3 (RuTPU)RU\TPU\col\105 
801 0 |a RU  |b RuMRKP  |c 19950704  |g psbo 
801 1 |a RU  |b 63413507  |c 20051027  |g PSBO 
801 2 |a RU  |b 63413507  |c 20140320  |g PSBO 
942 |c BK